BIANCANEVE E I SETTE NANI (Record n. 107436)
[ formato base ]
| 000 -LEADER | |
|---|---|
| fixed length control field | 01592agaaa2200313 4500 |
| 001 - CONTROL NUMBER | |
| control field | 3917 |
| 003 - CONTROL NUMBER IDENTIFIER | |
| control field | IT-RoPAU |
| 005 - DATE AND TIME OF LATEST TRANSACTION | |
| control field | 20220918181258.0 |
| 007 - PHYSICAL DESCRIPTION FIXED FIELD--GENERAL INFORMATION | |
| fixed length control field | d cvaizq |
| 008 - FIXED-LENGTH DATA ELEMENTS--GENERAL INFORMATION | |
| fixed length control field | 50131s9999||||xx ||| | || ||und|| |
| 040 ## - CATALOGING SOURCE | |
| Original cataloging agency | IT-RoPAU |
| Transcribing agency | IT-RoPAU |
| 041 ## - LANGUAGE CODE | |
| Language code of text/sound track or separate title | ITALIANO |
| 100 ## - MAIN ENTRY--PERSONAL NAME | |
| Personal name | Disney Walt |
| Miscellaneous information | Codice regista SPICS: 7184 |
| 9 (RLIN) | 36689 |
| 130 ## - MAIN ENTRY--UNIFORM TITLE | |
| Uniform title | BIANCANEVE E I SETTE NANI |
| 9 (RLIN) | 52097 |
| 240 ## - UNIFORM TITLE | |
| Uniform title | SNOW WHITE AND THE SEVEN DWARFS |
| Miscellaneous information | T2946 |
| 245 ## - TITLE STATEMENT | |
| Title | BIANCANEVE E I SETTE NANI |
| Statement of responsibility, etc. | Diretto da: Disney Walt |
| Name of part/section of a work | BIANCANEVE E I SETTE NANI (Rif. Codice opera principale : D3917) |
| 246 ## - VARYING FORM OF TITLE | |
| Title proper/short title | SNOW WHITE AND THE SEVEN DWARFS |
| 250 ## - EDITION STATEMENT | |
| Edition statement | Edizione Standard |
| 260 ## - PUBLICATION, DISTRIBUTION, ETC. (IMPRINT) | |
| Place of publication, distribution, etc. | MILANO (STATI UNITI) |
| Name of publisher, distributor, etc. | WALT DISNEY COMPANY / |
| Date of manufacture | "1993 (1° ed.: 1994 ; Ed. Lingua Orig.: 1993)" |
| 300 ## - PHYSICAL DESCRIPTION | |
| Extent | VHS |
| Other physical details | sonoro, col. |
| Dimensions | 80 minuti |
| 511 ## - PARTICIPANT OR PERFORMER NOTE | |
| Participant or performer note | Animazione |
| 520 ## - SUMMARY, ETC. | |
| Summary, etc. | C'ERA UNA VOLTA UNA REGINA CATTIVA CHE PRETENDEVA DI ESSERE LA DONNA PIU' BELLA DEL MONDO. MA LA FIGLIASTRA BIANCANEVE LA SUPERAVA IN GRAZIA E BELLEZZA E PER QUESTO DOVEVA SOCCOMBERE. BIANCANEVE TROVO' COSI' RIFUGIO NEL BOSCO, OSPITE DI SETTE ADORABILI NANETTI: DOTTO GONGOLO BRONTOLO PISOLO EOLO MAMMOLO E CUCCIOLO. MA UN GIORNO UNA VECCHIETTA MISTERIOSA BUSSA ALLA PORTA EOFFRE A BIANCANEVE LA MELA AVVELENATA. VIDEOCASSETTA IN VERSIONE RESTAURATA. |
| 538 ## - SYSTEM DETAILS NOTE | |
| System details note | PAL, STEREO |
| 546 ## - LANGUAGE NOTE | |
| Language note | ITALIANO |
| 650 ## - SUBJECT ADDED ENTRY--TOPICAL TERM | |
| Topical term or geographic name as entry element | ANIMAZIONE |
| Relator term | FILMS [VHS] |
| General subdivision | Codice MATERIA SPICS: 9960 |
| 9 (RLIN) | 52098 |
| 700 ## - ADDED ENTRY--PERSONAL NAME | |
| Personal name | Disney Walt |
| Relator term | (regista) |
| Miscellaneous information | Codice regista SPICS: 7184 |
| 9 (RLIN) | 36689 |
| 700 ## - ADDED ENTRY--PERSONAL NAME | |
| Personal name | Disney Walt |
| Relator term | (soggetto) |
| Miscellaneous information | Codice Soggetto SPICS: 7184 |
| 9 (RLIN) | 52099 |
| 942 ## - ADDED ENTRY ELEMENTS (KOHA) | |
| Koha item type | VHS - VIDEO |
| Source of classification or shelving scheme | Dewey Decimal Classification |
| Withdrawn status | Lost status | Damaged status | Not for loan | Home library | Current library | Date acquired | Total Checkouts | Full call number | Date last seen | Price effective from | Koha item type | Public note |
|---|---|---|---|---|---|---|---|---|---|---|---|---|
| Buone Condizioni | Not For Loan | SPICS-MEDIATECA | SPICS-MEDIATECA | 31/01/2015 | D3917 | 31/01/2015 | 31/01/2015 | VHS - VIDEO | Progr. Ins.: 654 / N.Vol.:1 / Copie: 1 / Pag.: / Copia rara: n.d. / date import: 1.2.2015 / By Epidotti, Trombetti, Vaglietti |